| 000 | 00746nam a2200253Ia 4500 | ||
|---|---|---|---|
| 003 | OSt | ||
| 005 | 20220926004923.0 | ||
| 006 | a|||||r|||| 00| 0 | ||
| 007 | ta | ||
| 008 | 220923b |||||||| |||| 00| 0 eng d | ||
| 020 | _a8170363349 | ||
| 037 | _cGeneral Book | ||
| 040 |
_aRTL _cRTL _beng |
||
| 041 |
_2eng _aeng |
||
| 082 | _aX9(M7).2.N9, N3 | ||
| 100 |
_aMisra Sanjiv _9309491 |
||
| 245 | 0 |
_aIndia's textile sector _b A policy analysis |
|
| 260 |
_a New Delhi _bSage India _c1993 |
||
| 300 |
_a278p. Bib p. 272-78,Appendix p. 256-71 _ccm. |
||
| 490 | _aCentre for policy Research | ||
| 650 |
_aTextile Industry _9185820 |
||
| 942 |
_hX9(M7).2.N9, N3 _cGB _2CC |
||
| 999 |
_c612610 _d612610 |
||